000 00488nam a2200181Ia 4500
005 20250508161801.0
008 008 250505s9999 xx 000 0 eng d
037 _aTextual
040 _aFEDL
_beng
_cFEDL
041 _aeng
_2eng
084 _aF, BAG
_qFEDL
100 _aBagshawe Thomas Wyatt
_9771543
245 0 _aPompey was a penguin
260 _aLondon, UK
_bOxford University Press
_c1946
300 _a63p.
942 _cTEXL
_hF, BAG
999 _c1372173
_d1372173